Las 100 ciudades más grandes de Uruguay en un mapa - Estadísticas

Estadísticas generales
  • Esta prueba ha sido intentada 68 veces
  • La puntuación promedio es 33 de 100
Respuestas en el mapa
Las respuestas están codificadas por una escala verde-roja en el mapa de la prueba según el % correcto abajo.
 
Estadísticas de respuestas
Población Ciudad % Correcto
1.287.452 Montevideo
96%
114.043 Salto
88%
18.137 Punta del Este
82%
84.775 Rivera
82%
43.843 Artigas
78%
102.000 Maldonado
78%
60.581 Tacuarembó
78%
81.489 Paysandú
76%
32.159 Colonia del Sacramento
74%
26.784 Rocha
74%
16.166 Bella Unión
72%
40.279 Durazno
72%
24.185 Canelones
68%
36.449 Florida
68%
26.951 Fray Bentos
68%
38.633 Minas
66%
13.529 Chuy
62%
55.985 Melo
62%
25.870 Treinta y Tres
62%
113.252 Ciudad de la Costa
60%
12.144 Piriápolis
60%
22.592 18 de Mayo
56%
43.528 Mercedes
56%
38.550 San José de Mayo
56%
61.246 Las Piedras
54%
22.893 Trinidad
54%
5.939 La Paloma
52%
11.740 Nueva Helvecia
50%
8.139 Atlántida
48%
31.163 Pando
46%
19.915 Carmelo
44%
17.381 Santa Lucía
42%
17.814 Young
40%
18.447 Dolores
38%
19.132 La Paz
38%
14.210 Paso de los Toros
38%
10.775 Nueva Palmira
36%
17.379 Río Branco
36%
5.779 Tala
34%
7.743 Tranqueras
34%
38.249 Ciudad del Plata
32%
12.971 Libertad
32%
7.620 Pan de Azúcar
32%
10.584 Rosario
32%
30.280 San Carlos
32%
6.520 Toledo
32%
3.642 Minas de Corrales
30%
13.142 Parque del Plata
28%
7.356 San Ramón
28%
35.660 Barros Blancos
26%
5.762 Guichón
26%
7.572 Lascano
26%
3.899 San Gregorio de Polanco
26%
2.817 Quebracho
24%
7.446 Sauce
24%
3.919 Vichadero
24%
5.186 Cardona
22%
12.397 Juan Lacaze
22%
11.700 Salinas
22%
7.700 Sarandí del Yi
22%
7.715 Castillos
20%
3.129 Cerro Chato
20%
4.135 Colonia Valdense
20%
5.359 Marindia
20%
11.540 Progreso
20%
4.242 Santa Rosa
20%
3.847 San Luis
18%
5.425 Las Toscas
16%
5.586 San Jacinto
16%
6.827 Sarandí Grande
16%
3.564 Los Cerrillos
14%
3.146 La Floresta
12%
9.146 Neptunia
12%
3.244 Solís de Mataojo
12%
7.269 Tarariras
12%
11.582 Colonia Nicolich
10%
2.873 Constitución
10%
3.181 Ecilda Paullier
10%
4.921 Empalme Olmos
10%
3.294 Fraile Muerto
10%
5.401 José Pedro Varela
10%
3.100 Rodríguez
10%
8.353 Joaquín Suárez
8%
3.960 Vergara
8%
2.891 Ansina
6%
4.612 Balneario Buenos Aires
6%
10.170 Nuevo Paysandú
6%
3.665 Ombúes de Lavalle
4%
17.586 Paso de Carrasco
4%
4.963 Chacras de Paysandú
2%
7.692 Ejido de Treinta y Tres
2%
2.888 El Tesoro
2%
3.879 Florencio Sánchez
2%
3.322 Hipódromo
2%
4.592 La Capuera
2%
9.560 Fraccionamiento Camino del Andaluz y Ruta 84
0%
8.727 Pinamar-Pinepark
0%
2.775 Tomás Gomensoro
0%
4.434 Villa Aeroparque
0%
10.609 Villa Crespo y San Andrés
0%
No se encontraron pruebas coincidentes
Distribución de puntuación
Porcentaje de gente con cada puntuación
Porcentaje por número respondido
Historial de tus puntuaciones
No has intentado esta prueba.